Growing diversity (Record no. 76025)

MARC details
000 -LEADER
fixed length control field 00839nam a2200205 a 4500
008 - FIXED-LENGTH DATA ELEMENTS--GENERAL INFORMATION
fixed length control field 120416s1992 ||||||||||||||||| || u
020 ## - INTERNATIONAL STANDARD BOOK NUMBER
International Standard Book Number 1853391190
050 ## - LIBRARY OF CONGRESS CALL NUMBER
Classification number SB 185 Gro
100 ## - MAIN ENTRY--PERSONAL NAME
Personal name Cooper, David
245 10 - TITLE STATEMENT
Title Growing diversity
Statement of responsibility, etc. edited by David Cooper
246 ## -
-- genetic resources and local food security
260 ## - PUBLICATION, DISTRIBUTION, ETC.
Place of publication, distribution, etc. London
Name of publisher, distributor, etc. Intermediate Technology Publications
Date of publication, distribution, etc. 1992
350 ## -
-- 0.00
650 ## - SUBJECT ADDED ENTRY--TOPICAL TERM
Topical term or geographic name entry element RESOURCE CONSERVATION
650 ## - SUBJECT ADDED ENTRY--TOPICAL TERM
Topical term or geographic name entry element FARMING
700 ## - ADDED ENTRY--PERSONAL NAME
Personal name Vellve, Renee
700 ## - ADDED ENTRY--PERSONAL NAME
Personal name Hobbelink, Henk
995 ## -
-- MAIN LIBRARY OPEN ACCESS
-- 0.00
-- 723568
-- CBU-MAIN LIBRARY (Kitwe)
-- 1
-- 9.95
-- SB 185 Gro
-- 1
-- AVAILABLE
-- 013694
-- Main Library Open Access Collection
995 ## -
-- TEXTBOOKS (SBE)
-- 0.00
-- 2686
-- CBU-SCHOOL TEXTBOOK COLLECTIONS
-- 1
-- 0.00
-- SCHOOL TEXTBOOK
-- 2
-- AVAILABLE
-- Nov 20, 2008
-- 2686
-- School Collections
999 ## -
-- 76025
-- 76025
Holdings
Withdrawn status Lost status Source of classification or shelving scheme Damaged status Not for loan Permanent Location Current Location Shelving location Date acquired Total Checkouts Full call number Barcode Date last seen Copy number Price effective from Koha item type
          CBU-MAIN LIBRARY, KITWE. CBU-MAIN LIBRARY, KITWE.   04/25/2023   SB 185 Gro 013694 04/25/2023 1 04/25/2023 MONOGRAPH
          CBU-SCHOOL TEXT BOOK COLLECTION CBU-SCHOOL TEXT BOOK COLLECTION   04/25/2023   SCHOOL TEXTBOOK 2686 04/25/2023 2 04/25/2023 MONOGRAPH